000 00338nam a22001457a 4500
008 230627b ||||| |||| 00| 0 eng d
020 _a9780073522753
041 _aeng
080 _2THIRD EDITION
_a616
082 _a616SCH
100 _a16
101 _aIAM
245 _aNUTRITION FOR HEALTHY LIVING
_cSCHIFF .J .W
942 _2udc
_cBK
999 _c60053
_d60053